Tâm lí học thể dục thể thao
Guardado en:
| Autor principal: | |
|---|---|
| Formato: | Libro |
| Lenguaje: | Undetermined |
| Publicado: |
Hà Nội
Đại học Sư phạm
2004
|
| Materias: | |
| Etiquetas: |
Agregar Etiqueta
Sin Etiquetas, Sea el primero en etiquetar este registro!
|
| Thư viện lưu trữ: | Trung tâm Học liệu Trường Đại học Cần Thơ |
|---|
| LEADER | 00535nam a2200205Ia 4500 | ||
|---|---|---|---|
| 001 | CTU_98374 | ||
| 008 | 210402s9999 xx 000 0 und d | ||
| 020 | |c 20000 | ||
| 082 | |a 796 | ||
| 082 | |b X202 | ||
| 100 | |a Lê, Văn Xem | ||
| 245 | 0 | |a Tâm lí học thể dục thể thao | |
| 245 | 0 | |c Lê Văn Xem | |
| 260 | |a Hà Nội | ||
| 260 | |b Đại học Sư phạm | ||
| 260 | |c 2004 | ||
| 650 | |a Sports | ||
| 650 | |x Records | ||
| 904 | |i Tuyến | ||
| 980 | |a Trung tâm Học liệu Trường Đại học Cần Thơ | ||